000 01188nam a2200313 i 4500
003 DO-SdBNP
005 20240222090856.0
007 ta
008 230202b2010 dr ||||| |||| 00| 0 spa d
020 _a9993402192
040 _aDO-SdBNP
_bspa
_cBNPHU
_erda
082 4 _a291.44
_bG633c, 2010
_222
100 1 _aGómez Ricourt, Rafaela
_9267
245 1 0 _aUn camino hacia vida eterna /
_cRafaela Gómez Ricourt.
250 _a9a edición
264 1 _aSanto Domingo :
_bMolinaga,
_c2010.
300 _a130 páginas
_c21 cm.
336 _2rdacontent
_atexto
_btxt
337 _2rdamedia
_asin mediación
_bn
338 _2rdacarrier
_avolumen
_bnc
504 _aBibliografía : 131
505 0 _tIntroducción --
_gCapítulo I --
_tAlma y espíritu --
_gCapítulo II. --
_tEl poder de Dios --
_g Capítulo III. --
_tLa oración --
_gCapítulo IV. --
_tSantidad --
_gCapítulo V. --
_t Revelaciones y visiones --
_gCapítulo VI. --
_tTestimonios --
_tConclusión --
_tBibliografía. /
590 _aInventariado, 2022 /LP
650 4 _aVida espiritual
_x
_9271
650 4 _aAlma
_9269
650 4 _aOración
_9270
910 _aValidado. Control de calidad. MAA
942 _2ddc
_cLBS1
999 _c53118
_d53118